000
00216 a2200097 4500
001
42932
100
_a
Suleri Z.A
245
_a
Pakistan lost years
260
_a
Lahore
_b
Progressive P ltd
_c
090
_c
26813
_d
26813
942
_a
NUST-CAE
_c
M
_c
18684
999
_c
278005
_d
278005